000 00626nam a2200253Ia 4500
005 20260121161025.0
008 008 260114s9999 xx 000 0 eng d
020 _a9781315251165
037 _aEBOOK
040 _aCRL
040 _beng
040 _cCRL
041 _2eng
041 _aeng
084 _qCRL
100 _a Paula Loscocco
_91039252
245 0 _aKatherine Philips (1631/2?1664): Printed Letters 1697?1729
260 _bTaylor and Francis
260 _c2007
856 _uhttp://www.taylorfrancis.com/books/9781315251165
942 _cEBOOK
999 _c1606068
_d1606068